Аритметика (Запис номер 124685)
[ съкратено ]
| 000 -Лидер | |
|---|---|
| Контролно поле с фиксирана дължина | 01684nam a2200385 c 4500 |
| 003 - Код на организацията, давaща контролен номер | |
| Контролно поле | BLK |
| 005 - Дата и час на последна редакция | |
| Контролно поле | 20180422111030.0 |
| 008 - Елементи от данни с фиксирана дължина | |
| fixed length control field | 180409b bul|||||r ||||||| ||bul|| |
| 010 ## - Наследен системен номер | |
| LC control number | KNG00130352000 |
| 040 ## - Източник на каталожния запис | |
| Идентификатор на билиотеката - собственик на записа | BLK |
| 041 ## - Код за език | |
| Код за езика на текст/звукозапис или на отделно заглавие | Български |
| Код за езика КДБФ | Български |
| 080 ## - УДК | |
| Текстов определител УДК | Методика на математиката |
| УДК код - определител по УДК | 372.851 |
| УДК определител | (075.2) |
| УДК - код + определител | 372.851(075.2) |
| 100 1# - Редна дума - Автор | |
| Автор | Раденков, Раденко |
| Авторска отговорност | първи автор |
| R(LIN) | 377377 |
| 139 ## - Редно поле | |
| Редна дума | Аритметика |
| Авторски знак | Ари - А 84 |
| 245 10 - Сведения за заглавието | |
| Заглавие | Аритметика |
| Подзаглавни данни | Учебник за VI кл. на общообраз. у-ща |
| Редно поле (дума) | Раденко Раденков; * Анастасия Бешкова; * Градивой Радичев; * Димитър В. Раковски; * Методи Христов. |
| 257 ## - Страна на издаване | |
| Страна на създаване/издаване | България |
| 260 ## - Област на издателските данни | |
| -- | София |
| Име на издателя, разпространителя и проч. | Нар. просв. |
| Година на издаване | 1956 |
| 300 ## - Физическа характеристика | |
| Страници | 96 с. |
| Размери/Мащаб | 22 см |
| 380 ## - Жанр | |
| Жанр | Обществени науки |
| 500 ## - Общи забележки | |
| Забележка | Други авт. : А. Бешкова, Г. Радичев, М. Христов, Д. Раковски. - 107 000 тир. |
| 650 #4 - Допълнително описание по предмет – тема | |
| Основно описание – тема или топоним | Аритметика - учебници за основни училища |
| 9 (RLIN) | 274699 |
| 653 ## - Ключова дума – ненормативна | |
| Ключова дума | математика |
| 653 ## - Ключова дума – ненормативна | |
| Ключова дума | аритметика |
| 653 ## - Ключова дума – ненормативна | |
| Ключова дума | учебници за основни училища |
| 653 ## - Ключова дума – ненормативна | |
| Ключова дума | VІ кл. |
| 700 1# - Други автори (авторска отговорност) | |
| Лично име | Бешкова, Анастасия |
| Автороска отговорност (Описва отношението между автора и произведението) | * |
| 9 (RLIN) | 318891 |
| 700 1# - Други автори (авторска отговорност) | |
| Лично име | Радичев, Градивой |
| Автороска отговорност (Описва отношението между автора и произведението) | * |
| 9 (RLIN) | 318892 |
| 700 1# - Други автори (авторска отговорност) | |
| Лично име | Раковски, Димитър В. |
| Автороска отговорност (Описва отношението между автора и произведението) | * |
| 9 (RLIN) | 318940 |
| 700 1# - Други автори (авторска отговорност) | |
| Лично име | Христов, Методи |
| Автороска отговорност (Описва отношението между автора и произведението) | * |
| 9 (RLIN) | 377369 |
| 852 ## - Местоположение | |
| Форматна сигнатура | Цб 3003 |
| 856 4# - Електронен адрес и достъп | |
| Електронен формат | pdf - файл |
| Път до файла /url/ | |
| 856 4# - Електронен адрес и достъп | |
| Електронен формат | pdf - файл |
| Път до файла /url/ | |
| 942 ## - АРТИКУЛИ | |
| Вид на библиотечния материал | Книги |
| Скрит в OPAC | Не |
| 944 ## - СЪЗДАВАНЕ И РЕДАКЦИЯ на ЗАПИСА | |
| Създаване/Редакция | Създаване |
| Дата на регистрацията/редакция | 05.05.2012 |
| Статус, дата на статуса | 05.05.2012 - от С1,Р / 05.05.2012 |
| Служител, извършил регистрацията/редакцията | Кети_Илиева |
| 944 ## - СЪЗДАВАНЕ И РЕДАКЦИЯ на ЗАПИСА | |
| Създаване/Редакция | Редакция |
| Дата на регистрацията/редакция | 05.05.2012 |
| Статус, дата на статуса | 05.05.2012 - от С1,Р / 05.05.2012 |
| Служител, извършил регистрацията/редакцията | |
| 999 ## - СИСТЕМНИ КОНТРОЛНИ НОМЕРА | |
| Koha biblionumber | 124685 |
| Koha biblioitemnumber | 124685 |
| Код за отписване | Код за изгубен артикул | Източник на класификационната схема | Код за повреда | Коз за рестрикции | Код за отдаване | Артикулен № | Име на библиотеката - собственик | Име на библиотеката, в която се намира в момента | Статус (Текущо местоположение) | Дата на вписване в системата | Местоположение - отдел | Цена в лева | Инвентарен номер | Систематично азбучна сигнатура | Баркод | Номер на екземпляра | Цена в евро | Служебна бележка | Служебен тип на артикула |
|---|---|---|---|---|---|---|---|---|---|---|---|---|---|---|---|---|---|---|---|
| Не е изгубен | Universal Decimal Classification | Не е повреден | без рестрикции | ползва се в читалня | 202356 | Регионална библиотека "Любен Каравелов" Русе | Регионална библиотека "Любен Каравелов" Русе | Хранилище | 1956-01-01 | Хранилище | 0.18 | 5405/56 | Цб 3003 | 900000050772 | 1 | 0.09 | Вид: Сф Дата: 01.01.1956 | Книги |